| 000 | 00761nam a22002057a 4500 | ||
|---|---|---|---|
| 999 |
_c22350 _d22350 |
||
| 003 | AR-CdUCM | ||
| 008 | 190429b ||||| |||| 00| 0 spa d | ||
| 040 |
_aMUNICIPALIDAD PROVINCIAL DEL CUSCO _cBIBLIOTECA MUNICIPAL DEL CUSCO |
||
| 082 | _aWiñay/N°1/2005 | ||
| 245 |
_aWiñay : _bla revista / |
||
| 260 |
_aCusco. _bWiñay, _c2005. |
||
| 300 |
_a15 páginas. : _bilustraciones en color ; _c27 cm. |
||
| 440 |
_aWiñay la revista. _nN°1, 2005 _947910 |
||
| 505 | _aContenido: Mamacha del Carmen Paucartambo. -- Una vista al pasado reseña histórica de la Cuesta de Santa Ana. -- El biohuerto de Paucartambo. | ||
| 650 |
_aCultura andina _947904 |
||
| 650 |
_aFolklore _947911 |
||
| 650 |
_aPatrimonio inmaterial _947912 |
||
| 942 |
_2ddc _cPP |
||
| 945 | _arac | ||